00989cam a22002894a 45000010005000000030006000050050017000110080041000280100017000690200022000860200018001080400023001260500023001490820021001721000021001932450114002142600035003283000039003635050007004025200068004095210018004775210018004956000054005136500063005677000036006307000033006662313FISKH20231116080940.0060830r20061983nyua j 001 0beng  a 2006281806 a0439660416 (pbk.) a9780439660419 aDLCcDLCdDLCbeng00aTL540.E3bS23 200600a629.13092aB2221 aSabin, Francene.10aAmelia Earhart :badventure in the sky /cby Francene Sabin and Joanne Mattern ; illustrated by Karen Milone. aNew York :bScholastic,c2006. a50 pages :billustrations ;c20 cm aU  aA biography of an aviation pioneer, emphasizing her childhood. 8 a820 bLexile 8 aU bRaz-Plus 10aEarhart, Amelia,d1897-1937vJuvenile literature. 0aAir pilotszUnited StatesvBiographyvJuvenile literature.1 aMattern, Joanne,d1963-eAuthor1 aMilone, Kareneillustrations